Fat doctor. Series 1, episode 4 /
Rachel Barrass is only 23 years old and already weighs over 25st. She has endured a lifetime of abuse and bullying because of her size, but despite her desperate efforts, she can't lose weight. Can an operation help give her the figure she dreams of? 34 year old Ana Pita visits Shaw Somers'...
| Corporate Author: | |
|---|---|
| Other Authors: | , |
| Format: | Video |
| Language: | English |
| Language Notes: | This edition in English. |
| Published: |
London, England :
Electric Sky,
2013.
|
| Series: | Health and society in video
Fat Doctor ; Series 1, Episode 4 |
| Subjects: | |
| Online Access: | Connect to this streaming video (Alexander Street Press) |
MARC
| Tag | First Indicator | Second Indicator | Subfields |
|---|---|---|---|
| LEADER | 00000cgm a2200000Ma 4500 | ||
| 001 | in00005564113 | ||
| 006 | m o c | ||
| 007 | cr |za|||||||a | ||
| 007 | vz |zazu| | ||
| 008 | 140415s2013 enk050 g o vleng d | ||
| 005 | 20241201232325.4 | ||
| 035 | |a (OCoLC)ocn881549579 | ||
| 040 | |a ALSTP |b eng |e pn |c ALSTP |d OCLCO |d OCLCF |d OCLCQ |d OCLCO |d OCLCQ |d IAA |d WYU |d OCLCO |d OCLCL |d WSU |d OCLCO | ||
| 019 | |a 1406329248 |a 1418770473 | ||
| 035 | |a (OCoLC)881549579 |z (OCoLC)1406329248 |z (OCoLC)1418770473 | ||
| 049 | |a TXAM | ||
| 245 | 0 | 0 | |a Fat doctor. |n Series 1, episode 4 / |c directed by Rebecca Gilhooly. |
| 260 | |a London, England : |b Electric Sky, |c 2013. | ||
| 300 | |a 1 online resource (50 min.). | ||
| 306 | |a 005000 | ||
| 336 | |a two-dimensional moving image |b tdi |2 rdacontent | ||
| 337 | |a computer |b c |2 rdamedia | ||
| 338 | |a online resource |b cr |2 rdacarrier | ||
| 490 | 0 | |a Health and society in video | |
| 490 | 0 | |a Fat Doctor ; |v Series 1, Episode 4 | |
| 500 | |a Title from resource description page (viewed Apr. 15, 2014). | ||
| 520 | |a Rachel Barrass is only 23 years old and already weighs over 25st. She has endured a lifetime of abuse and bullying because of her size, but despite her desperate efforts, she can't lose weight. Can an operation help give her the figure she dreams of? 34 year old Ana Pita visits Shaw Somers' clinic for her pre-operative assessment. But Shaw is alarmed when he sees how much weight Ana has put on since her last appointment ... and has some shocking news for her. We also meet the 48st father who had only months to live before his weight loss surgery. | ||
| 546 | |a This edition in English. | ||
| 650 | 0 | |a Morbid obesity. | |
| 650 | 0 | |a Gastric bypass. | |
| 650 | 2 | |a Obesity, Morbid | |
| 650 | 6 | |a Obésité morbide. | |
| 650 | 6 | |a Dérivation bilio-pancréatique. | |
| 650 | 7 | |a Gastric bypass |2 fast | |
| 650 | 7 | |a Morbid obesity |2 fast | |
| 655 | 2 | |a Documentaries and Factual Films | |
| 655 | 4 | |a Streaming videos. | |
| 655 | 7 | |a documentary film. |2 aat | |
| 655 | 7 | |a Documentary films |2 fast | |
| 655 | 7 | |a Documentary films. |2 lcgft | |
| 655 | 7 | |a Documentaires. |2 rvmgf | |
| 700 | 1 | |a Tyson, Cathy. |4 nrt | |
| 700 | 1 | |a Gilhooly, Rebecca. |4 drt |4 pro | |
| 710 | 2 | |a Electric Sky (Firm) |4 pro | |
| 758 | |i has work: |a Fat Doctor, Series 1, Episode 4 (MovingImage) |1 https://id.oclc.org/worldcat/entity/E39PD3kc86rRB6RdH77Kx8yMrq |4 https://id.oclc.org/worldcat/ontology/hasWork | ||
| 856 | 4 | 0 | |u http://proxy.library.tamu.edu/login?url=https://www.aspresolver.com/aspresolver.asp?AVN2;2113455 |z Connect to this streaming video (Alexander Street Press) |t 0 |
| 955 | |a Alexander Street Press subscription streaming video | ||
| 994 | |a 92 |b TXA | ||
| 999 | f | f | |s 3ca78131-ed1c-4c59-a3d7-8dfe10824308 |i af30185a-4a96-4316-99f4-bc26c99166f4 |t 0 |
| 952 | f | f | |a Texas A&M University |b College Station |c Electronic Resources |d Available Online |t 0 |h Library of Congress classification |
| 998 | f | f | |t 0 |l Available Online |